Людям мила (Запис № 398424)

МАРК-запис
000 -Лідер
fixed length control field 01125nam a22002537a 4500
001 - Контрольний номер
control field 111908
003 - Ідентифікатор контрольного номера
control field UA-OsUOA
005 - Дата та час останнього входження (трансакції)
control field 20260406164053.0
007 - Фіксоване поле фізичного опису
fixed length control field ta
008 - Елементи даних фіксованої довжини – загальна інформація
fixed length control field 20150611b un ||||| |||| 00| 0 ukr d
040 ## - Джерело каталогізації
Агенція оригінальної каталогізації UA-OsUOA
Мова каталогізації ukr
Агенція, яка здійснювала перезапис UA-OsUOA
Агенція, яка здійснювала модифікацію UA-OsUOA
041 ## - Код мови
Код мови тексту/ звукової доріжки чи окремого заголовка (П) ukr
080 ## - Індекс Універсальної десяткової класифікації
Індекс Універсальної десяткової класифікації (УДК) (НП) 821.161.2(092)
090 ## - Локальний шифр розміщення
Класифікаційний індекс УДК 821.161.2(092)
Авторський знак (НП) Х82
100 ## - Основне введення – ім’я особи
Ім’я особи (НП) Хорунжий Ю.
9 (RLIN) 24882
245 ## - Відомості про назву
Назва (НП) Людям мила
Решта назви (НП) оповіді про Людмилу Старицьку-Черняхівську письменницю, патріотку, страдницю та щойно знайдена ще не друкована її поема "Великий похорон"
Дані про відповідальність (НП) Юрій Хорунжий
260 ## - Публікація, розповсюдження і т.п. (Вихідні дані)
Місце публікації, розповсюдження і т.п. (П) Фастів
Ім’я/ наймення видавництва, розповсюджувача і т.п. (П) Високий друк
Дата публікації, розповсюдження і т.п. (П) 1993
300 ## - Фізичний опис
Обсяг 52 с.
500 ## - Загальна примітка
Загальна примітка Додаток до часопису Всеукраїнського товариства політв'язнів і репресованих "Зона"
650 #7 - Додаткове предметне введення – тематичний термін
Тематичний термін чи географічна назва, як елемент введення (НП) 821.161.2 Українська література
Джерело заголовка чи терміна UDC
9 (RLIN) 41
942 ## - Додаткові елементи входу (Коха)
Тип елемента Koha Книги
Source of classification or shelving scheme Universal Decimal Classification
955 ## - Код типу видання за змістом
Код типу видання за змістом (НП) Літературно-художні видання
Фонди
Стан вилучень Стан втрат Джерело класифікації або схеми стелажів Стан уражень Не для кредиту Постійне місце розташування Поточне розміщення Дата придбання Джерело придбання Вартість, звичайна ціна покупки Інвентарний номер Усього замовленно Повний номер виклику Штрих-код Дата останнього перегляду Ціна ефективна від Тип елемента Koha Код колекції Вартість, ціна заміни Примітка, призначена для загального доступу
Withdrawn   Universal Decimal Classification     АБ - Абонемент НБ АБ - Абонемент НБ 11/06/2015 26/2015 5.00 148385   821.161.2(092) Х82 148385 13/07/2019 11/06/2015 Книги      
    Universal Decimal Classification     АБ - Абонемент НБ АБ - Абонемент НБ 06/04/2026 №17/31.03.2026 15.00     821.161.2(092) Х82 169767 06/04/2026 06/04/2026 Книги Колекція Шевчука Валерія 15.00 з автографом Ю. Хорунжого